LDR 00794naa#a2200169#i#450# 001 RU\\bibl\19968 005 20260701195153.3 100 ## _a20260630b2026####ek#y0rusy0150####ca 102 ## _aRU 200 1# _aИСПОЛЬЗОВАНИЕ ДЕЛОВЫХ ОТХОДОВ В ПРОЕКТИРОВАНИИ ПЛОТНОЙ УКЛАДКИ _eСтатья/тезисы конференции 210 1# _aВоронеж _cВоронежский государственный лесотехнический университет имени Г.Ф. Морозова _d2026 215 ## _a4 с. 608 ## _aСтатья/тезисы конференции _2local 675 ## _aSolid modelling. 004.925.84 _z 700 #1 _aКущева _gИрина Сергеевна 700 #1 _aХухрянская _gЕ. С. 856 4# _abibl.vgltu.ru _u